[Event "Stay Safe Play From Home 206"]
[Site "T#646635Emanuel Laske"]
[Date "2020.06.07"]
[Round "1"]
[White "SoulofWolf"]
[Black "Tumnik_ad"]
[Result "0-1"]
[WhiteElo "2194"]
[BlackElo "1938"]
[Annotator "TA"]
[PlyCount "144"]
[EventDate "2020.06.07"]
[EventType "swiss (blitz)"]

{[%evp 9,144,-11,40,-35,64,49,304,296,287,295,316,236,297,257,322,311,327,329,343,206,350,275,425,420,413,401,406,414,656,549,536,511,500,295,886,98,207,64,97,42,46,56,91,70,70,14,16,22,22,0,0,0,0,-18,-12,-189,-125,-194,-160,-143,33,30,57,0,48,30,87,49,105,50,98,51,29,0,0,-89,-22,-73,-29,-47,-44,-43,-8,-8,-8,-12,0,-95,-14,-10,-16,-111,-25,-92,-18,-51,-34,-137,988,-29983,-29984,-29984,-29985,-29990,-1344,-29991,-29992,-29997,-29998,-29999,-29991,-29992,-29990,-29997,-29987,-29997,-29988,-29991,-29984,-29991,0,-29990,-29983,-29989,-29990,-29992,-29985,-29980,-812,-1347,-8,-29984,-29985,-29986,-29985,-29984,-29981]} 1. d4 e6 2. Nf3 b6 3. Bg5 Be7 4. h4 h6 5. Bf4 {[#]} Bd6 $146 (5... Nf6 $11) ({Predecessor:} 5... Bb7 6. Nbd2 Nf6 7. e3 d6 8. a4 Nbd7 9. a5 Nd5 10. Bg3 O-O 11. a6 Bc8 {1-0 (27) Reichmann,H (2336)-Joachim,C (1714) Playchess.com INT 2020}) 6. Bd2 {A40: Unusual replies to 1 d4.} (6. Bxd6 $14 cxd6 7. e4) 6... Qe7 (6... Nf6 $15) 7. e4 $14 {e5 is the strong threat.} Nf6 $2 {[%mdl 8192]} (7... c5 $14) 8. e5 $18 {White has a decisive advantage.} Bxe5 9. dxe5 Ne4 10. Be3 d5 11. c3 Bd7 12. Nbd2 Nxd2 13. Qxd2 Nc6 14. Bb5 a6 (14... Nxe5 $142 15. Nxe5 Bxb5) 15. Ba4 b5 (15... Nxe5 $142 16. Nxe5 Bxa4) 16. Bc2 Na5 17. b3 {[%cal Bb2b3,Bb3b4][%mdl 32]} Qa3 18. O-O Qb2 (18... c5 $142 19. g3 Rc8) 19. Rfb1 Qa3 20. b4 Nc4 21. Qc1 Qxc3 $2 (21... Qxc1+ 22. Bxc1 O-O) 22. Nh2 $2 (22. Rb3 $18 {is the precise move to win.} Qxa1 23. Qxa1) 22... Qxe5 (22... Nxe3 $16 23. fxe3 Qxe5) 23. Bb3 (23. Bc5 $18) 23... Nxe3 24. Qxe3 (24. Nf3 $16 Qd6 25. Qxe3) 24... Qxe3 $14 25. fxe3 Rc8 26. Nf3 Ke7 27. Nd4 (27. a4 $14) 27... c5 28. bxc5 Rxc5 29. Rc1 (29. Kf2 {seems wilder.} Rhc8 30. a4 b4 31. a5 e5 32. Nf3) 29... Rhc8 30. Rxc5 Rxc5 31. Nf3 Rc3 32. Rd1 $2 (32. Kf2 $11 {and White stays safe.}) 32... a5 ({Black should play} 32... Rxe3 $19 33. Rc1 Kd6) 33. Rb1 (33. Re1 $17 {keeps fighting.}) 33... a4 {[%mdl 1024] Black has strong compensation.} 34. Bd1 Rd3 $2 (34... Rxe3 $17 {aiming for ...Kd6.} 35. Kf2 Rc3) 35. Kf2 $1 Rc3 36. Ne1 (36. Ke2 $14) 36... Rc7 37. Ke2 Rc3 (37... Rc4 $11) 38. Kd2 Rc7 (38... Rc4 $14) 39. Nd3 ({Better is} 39. Be2 $16) 39... Kd6 40. Nb4 Rc4 41. Be2 Rxh4 42. Bf3 (42. Nc2 $11) 42... d4 ({Black should try} 42... h5 $17 43. Ke2 g5) 43. Nd3 (43. a3 $11 {was the only way to keep the balance.}) 43... dxe3+ 44. Kxe3 Rc4 45. Rd1 {Threatens to win with Nb2+.} Ke7 46. Ne5 Rc3+ 47. Kd4 Rc7 48. Ke4 (48. Nxd7 $11 {keeps the balance.} Kxd7 49. Be2) 48... Bc6+ (48... Be8 $17 49. Ke3 Rc2) 49. Nxc6+ $11 Rxc6 {[%mdl 4096] Endgame KRB-KR} 50. Ke5 (50. Kd3 $11 Rc5 51. a3) 50... Rc5+ (50... Rc4 $17 {[%csl Ge7,Gg7][%cal Rf7f6]} 51. Rd4 Rc5+ 52. Ke4 f5+ 53. Ke3 Rc2) 51. Kf4 (51. Kd4 $11 {remains equal.} Rc4+ 52. Ke3) 51... Rc7 (51... Rc3 $17 52. Rd2 f5) 52. Kg3 Rc4 53. Rd3 (53. Rd2 $15) 53... Rc3 $2 {[%mdl 8192]} (53... Rc2 $17 54. a3 f5) 54. Re3 $4 {[%mdl 8192]} (54. Rxc3 $18 b4 55. Rc7+ Kf6 56. Rb7) 54... Rxe3 {KR-KB} 55. Kf4 Ra3 56. Bd5 Rxa2 (56... exd5 $142 57. Ke5 Rxa2 58. Kxd5 a3 59. g3 Rc2 60. Kd4 Rc4+ 61. Kd3 a2 62. Kd2 a1=Q 63. Ke3 Qe1+ {[%mdl 64] Double Attack} 64. Kd3 Rc3+ 65. Kd4 Qe3+ 66. Kd5 Rc5#) 57. Bc6 Rb2 58. Ke5 Rb4 {[%csl Ge7,Gg7][%cal Rf7f6]} 59. Bb7 Rb3 60. Ba6 Rb2 61. Bxb5 Rb1 62. Bd3 Rc1 63. Be4 Rc3 64. Kf4 Rc1 $2 (64... a3 {mates} 65. Bb1 Rb3 66. Ba2 {[#]} Rb2 $1 {[%mdl 576] Double Attack} 67. Bc4 Rb4 $1 {[%mdl 512]} 68. Ke3 Rxc4 69. Kd3 Rc8 70. Ke3 a2 71. Kf3 a1=Q 72. Ke2 Rc3 73. Kf2 Qc1 74. g4 Qd2+ 75. Kg1 Rc1#) 65. Ke3 $2 {[%mdl 8192]} (65. Ke5 $11 a3 66. Bd3 a2 67. Ke4 a1=Q 68. Ke3 Qc3 69. Ke2 Qe1+ 70. Kf3 Rc3 71. g3 Rxd3+ 72. Kg4 Qxg3+ 73. Kh5 Qh3#) 65... Rc4 66. g4 Rb4 67. Bd5 Rb3+ 68. Bxb3 a3 (68... axb3 $142 69. Kd2 f5 70. gxf5 exf5 71. Kc1 f4 72. Kb2 h5 73. Kc3 f3 74. Kd3 b2 75. Kc2 f2 76. Kxb2 f1=Q 77. Kc2 h4 78. Kc3 h3 79. Kc2 Qc4+ 80. Kd2 h2 81. Ke3 h1=Q 82. Kf2 Qhf1+ 83. Kg3 Qcf4#) 69. Kd3 a2 $2 (69... f5 $19 70. gxf5 exf5) 70. Kc3 $2 {[%mdl 8192]} (70. Bxa2 $11 f5 71. gxf5 exf5 72. Ke3) 70... a1=Q+ {Black mates.} 71. Kd2 Qb2+ 72. Bc2 Qa3 {Never resign too early! Accuracy: White = 27%, Black = 22%.} 0-1

[Event "Stay Safe Play From Home 206"]
[Site "T#646635Emanuel Laske"]
[Date "2020.06.07"]
[Round "1"]
[White "Rogan"]
[Black "SecantFX"]
[Result "1-0"]
[WhiteElo "2142"]
[BlackElo "1850"]
[Annotator "TA"]
[PlyCount "71"]
[EventDate "2020.06.07"]
[EventType "swiss (blitz)"]

{[%evp 9,70,835,839,801,843,821,846,847,862,857,877,787,783,758,854,827,856,816,910,910,910,912,906,794,987,985,1211,1187,1112,1005,1024,1029,1022,994,1025,1019,987,937,936,926,904,889,930,926,1123,1123,1307,1299,1852,1783,29990,29991,29993,29994,29995,29990,29990,29991,29997,29998,29998,29999,29999]} 1. d4 b6 2. c3 Bb7 3. Nf3 {[#]} c6 $146 ({Predecessor:} 3... Nf6 4. Bg5 d5 5. Nbd2 e6 6. Ne5 Be7 7. e3 a5 8. a4 O-O 9. Bd3 Ne4 {1-0 (65) Mutuberria,W (1680)-Salazar,L (1611) Santa Fe 2020}) 4. Bg5 e6 5. Bxd8 Kxd8 6. e3 {A40: Unusual replies to 1 d4.} f6 7. Nbd2 Ne7 8. Bd3 {White is clearly winning.} Ng6 9. Qe2 d5 10. Bxg6 hxg6 11. a4 Ke7 12. a5 b5 13. Nb3 a6 14. Nc5 Bc8 15. e4 Kf7 16. exd5 exd5 17. O-O Bxc5 18. dxc5 Re8 19. Qd3 Nd7 20. Rfe1 Nxc5 21. Qd4 Ne6 22. Qb6 Bd7 23. Rxe6 Rxe6 24. Re1 Rxe1+ 25. Nxe1 Re8 26. Nf3 Re6 27. Qxa6 c5 28. Qb7 Rd6 29. a6 b4 30. a7 {White mates.} Ke6 31. a8=Q Bc6 32. Qxc6 Rxc6 33. Qxc6+ {[%mdl 64] [#] Double Attack} Kf5 34. Qxd5+ Kg4 35. h3+ Kf4 36. g3# 1-0

[Event "Stay Safe Play From Home 206"]
[Site "T#646635Emanuel Laske"]
[Date "2020.06.07"]
[Round "1"]
[White "Fischer_11"]
[Black "Trotsky"]
[Result "1-0"]
[WhiteElo "2035"]
[BlackElo "1584"]
[Annotator "NA RC"]
[PlyCount "51"]
[EventDate "2020.06.07"]
[EventType "swiss (blitz)"]

1. e4 {[%emt 0:00:01]} c5 {[%emt 0:00:01]} 2. d4 {[%emt 0:00:00]} e6 {[%emt 0:00:00]} 3. c3 {[%emt 0:00:00]} d5 {[%emt 0:00:01]} 4. exd5 {[%emt 0:00:00]} exd5 {[%emt 0:00:01]} 5. Be3 {[%emt 0:00:00]} c4 {[%emt 0:00:01]} 6. b3 {[%emt 0:00:00]} Be6 {[%emt 0:00:01]} 7. bxc4 {[%emt 0:00:01]} Nc6 {[%emt 0:00:01]} 8. Nd2 {[%emt 0:00:00]} Nf6 {[%emt 0:00:01]} 9. cxd5 {[%emt 0:00:00]} Bxd5 {[%emt 0:00:01]} 10. c4 {[%emt 0:00:00]} Be6 {[%emt 0:00:03]} 11. d5 {[%emt 0:00:01]} Bxd5 {[%emt 0:00:03]} 12. cxd5 {[%emt 0:00:00]} Nxd5 {[%emt 0:00:01]} 13. Qf3 {[%emt 0:00:05]} Nf6 {[%emt 0:00:06]} 14. Bb5 {[%emt 0:00:03]} Qc7 {[%emt 0:00:02]} 15. Bxc6+ {[%emt 0:00:01]} bxc6 {[%emt 0:00:01]} 16. Rc1 {[%emt 0:00:01]} Rc8 {[%emt 0:00:02]} 17. Ne2 {[%emt 0:00:03]} Bd6 {[%emt 0:00:01]} 18. Ne4 {[%emt 0:00:03]} Nxe4 {[%emt 0:00:10]} 19. Qxe4+ {[%emt 0:00:00]} Kf8 {[%emt 0:00:03]} 20. Bf4 {[%emt 0:00:04]} Bxf4 {[%emt 0:00:03]} 21. Qxf4 {[%emt 0:00:00]} Qd7 {[%emt 0:00:06]} 22. O-O {[%emt 0:00:02]} f5 {[%emt 0:00:03]} 23. Rfd1 {[%emt 0:00:01]} Qf7 {[%emt 0:00:02]} 24. Qd6+ {[%emt 0:00:02]} Kg8 {[%emt 0:00:02]} 25. Nf4 {[%emt 0:00:02]} Rf8 {[%emt 0:00:04]} 26. Qxc6 {[%emt 0:00:02] . Âðåìÿ} 1-0

[Event "Stay Safe Play From Home 206"]
[Site "T#646635Emanuel Laske"]
[Date "2020.06.07"]
[Round "1"]
[White "EL sanbary"]
[Black "Mepe_Nika"]
[Result "0-1"]
[WhiteElo "1915"]
[BlackElo "2359"]
[Annotator "TA"]
[PlyCount "66"]
[EventDate "2020.06.07"]
[EventType "swiss (blitz)"]

{[%evp 15,66,-8,-3,-56,-28,-39,15,0,0,14,15,6,18,17,22,18,14,-32,0,-37,-37,-45,0,-437,-268,-299,-178,-608,-604,-849,-858,-1147,-1092,-1338,-1257,-1317,-1139,-1253,-1211,-1183,-1111,-1009,-618,-766,-759,-752,-734,-29991,-29992,-29992,-29993,-29996,-29996]} 1. c4 c6 2. g3 d5 3. cxd5 cxd5 4. d4 Nc6 5. Nc3 Bf5 6. Bg2 Nf6 7. Nf3 e6 8. O-O Bd6 9. Re1 {D13: Slav Defence: Exchange variation without ...Bf5.} (9. Bg5 $11) 9... O-O 10. Nh4 {[#]} Be4 $146 (10... Bg4 $15) ({Predecessor:} 10... Bg4 11. h3 Bh5 12. a3 a6 13. Qd3 b5 14. Bd2 Qb6 15. e3 b4 16. Ne2 e5 {1-0 (58) Takeda,F (1713)-Argani,I (1456) Sao Paulo 2016}) 11. f3 $11 {The position is equal.} Bg6 12. Nxg6 hxg6 13. e4 {[#] Threatens to win with e5.} dxe4 14. fxe4 e5 15. d5 Nd4 16. h3 Qb6 {Hoping for ...Nc2+.} 17. Kh2 Rac8 18. Na4 Qa5 $36 {[%mdl 2048] And now ...Bb4 would win. Black has good play.} 19. b3 $2 {[%mdl 8192] White is now going downhill.} (19. Nc3 $11 {and White stays safe.}) 19... Bb4 20. Re3 Rc2 (20... Nc2 $142 21. Rb1 Nxe3 22. Bxe3 b5) 21. Rb1 $2 (21. a3 Be7 22. Bb2) 21... Rfc8 $19 22. Bb2 Rd2 23. Qf1 Rcc2 24. Bxd4 exd4 25. Rd3 Rxg2+ 26. Qxg2 Rxg2+ 27. Kxg2 Nxe4 28. Rxd4 Nc3 29. Rb2 Nxa4 30. bxa4 Bc3 31. Rxb7 Bxd4 {Black mates.} 32. Rb8+ {[#]} Kh7 $1 33. d6 Qd5+ {Accuracy: White = 28%, Black = 54%.} 0-1

[Event "Stay Safe Play From Home 206"]
[Site "T#646635Emanuel Laske"]
[Date "2020.06.07"]
[Round "1"]
[White "NeatFox"]
[Black "Lazieri3"]
[Result "0-1"]
[WhiteElo "1817"]
[BlackElo "1990"]
[Annotator "TA"]
[PlyCount "84"]
[EventDate "2020.06.07"]
[EventType "swiss (blitz)"]

{[%evp 9,83,-124,-87,-113,-106,-100,-91,-86,-92,-96,-91,-93,-108,-89,-51,-46,-23,-63,-47,-131,-48,-90,-65,-96,-59,-60,-64,-80,-78,-82,-79,-97,-95,-154,-158,-241,-235,-264,-236,-324,-279,-1216,-927,-914,-858,-827,-178,-164,-177,-239,-234,-233,-216,-220,-220,-416,-281,-1249,-1171,-29977,-29978,-29977,-29978,-29988,-29988,-29991,-29992,-29992,-29993,-29993,-29994,-29996,-29997,-29998,-29998,-29999]} 1. g4 c6 2. Bg2 d5 3. c4 e6 4. cxd5 exd5 5. Qb3 {[#]} Qb6 $146 ({Predecessor:} 5... Bd6 6. Nc3 Ne7 7. d4 O-O 8. g5 Nf5 9. Nf3 Re8 10. h4 Na6 11. Bd2 Nb4 {1-0 (26) Samoun,F (2299)-Bakouri,A (1871) Europe Chess INT 2020}) 6. Qxb6 {A00: Irregular Openings.} axb6 7. g5 Be7 8. h4 {Black is better.} h6 9. d4 hxg5 10. hxg5 Rxh1 11. Bxh1 Bf5 12. Nc3 Nd7 13. Nf3 b5 14. Bf4 (14. e4 $15 dxe4 15. Nh4) 14... Bb4 (14... b4 $17 15. Nb1 Nf8) 15. Kf1 Ne7 16. a3 Bxc3 17. bxc3 Ng6 18. Be3 {White is now going downhill.} Be4 19. Bg2 Ke7 20. Ke1 Nb6 21. Kd2 (21. Kf1 $142) 21... Nc4+ $17 22. Ke1 (22. Kd1 $17) 22... Nxa3 $19 23. Kf1 Ra6 24. Bc1 Nc4 25. Rb1 $2 {[#]} (25. Rxa6 bxa6 26. Bh3) 25... Ra2 26. Rb4 Bxf3 27. Bxf3 Nd2+ $2 (27... Ra1 28. Kg2 Rxc1) 28. Bxd2 Rxd2 {[%mdl 4096] Endgame KRB-KRN} 29. Rb1 (29. e3 {keeps fighting.}) 29... Rc2 30. Ra1 Kd6 31. Ra7 Kc7 {White must now prevent ...Nh4.} 32. Ra8 $2 (32. Ra3) 32... Rxc3 33. Rg8 $2 (33. Ke1) 33... b4 34. Rxg7 b3 {Black mates.} 35. Rxf7+ Kb6 36. Rg7 b2 37. Rxg6 b1=Q+ {[%mdl 64] [#] Double Attack} 38. Kg2 Qxg6 39. Bg4 Qxg5 40. f4 Qxg4+ {[%mdl 64] Double Attack} 41. Kf2 Qxf4+ 42. Ke1 Rc1# {Accuracy: White = 34%, Black = 68%.} 0-1

[Event "Stay Safe Play From Home 206"]
[Site "T#646635Emanuel Laske"]
[Date "2020.06.07"]
[Round "1"]
[White "Cubail"]
[Black "Sfantul321"]
[Result "0-1"]
[WhiteElo "1367"]
[BlackElo "2011"]
[Annotator "NA RC"]
[PlyCount "48"]
[EventDate "2020.06.07"]
[EventType "swiss (blitz)"]

1. f4 {[%emt 0:00:02]} g6 {[%emt 0:00:00]} 2. e4 {[%emt 0:00:01]} Bg7 {[%emt 0:00:00]} 3. d4 {[%emt 0:00:02]} d6 {[%emt 0:00:00]} 4. c4 {[%emt 0:00:02]} Nf6 {[%emt 0:00:01]} 5. Bd3 {[%emt 0:00:03]} O-O {[%emt 0:00:01]} 6. Nc3 {[%emt 0:00:01]} b6 {[%emt 0:00:01]} 7. Nf3 {[%emt 0:00:01]} Bg4 {[%emt 0:00:01]} 8. h3 {[%emt 0:00:03]} Bxf3 {[%emt 0:00:01]} 9. Qxf3 {[%emt 0:00:01]} Nc6 {[%emt 0:00:01]} 10. Be3 {[%emt 0:00:03]} e5 {[%emt 0:00:02]} 11. d5 {[%emt 0:00:02]} Nd4 {[%emt 0:00:01]} 12. Bxd4 {[%emt 0:00:06]} exd4 {[%emt 0:00:01]} 13. Ne2 {[%emt 0:00:03]} Nd7 {[%emt 0:00:00]} 14. O-O {[%emt 0:00:03]} f5 {[%emt 0:00:02]} 15. Qg3 {[%emt 0:00:07]} Qf6 {[%emt 0:00:04]} 16. e5 {[%emt 0:00:04]} dxe5 {[%emt 0:00:01]} 17. fxe5 {[%emt 0:00:02]} Qxe5 {[%emt 0:00:01]} 18. Nf4 {[%emt 0:00:02]} Qe3+ {[%emt 0:00:01]} 19. Qxe3 {[%emt 0:00:02]} dxe3 {[%emt 0:00:01]} 20. Ne6 {[%emt 0:00:01]} Rfc8 {[%emt 0:00:01]} 21. Nxg7 {[%emt 0:00:02]} Kxg7 {[%emt 0:00:01]} 22. Rae1 {[%emt 0:00:02]} Re8 {[%emt 0:00:01]} 23. g4 {[%emt 0:00:01]} fxg4 {[%emt 0:00:03]} 24. hxg4 {[%emt 0:00:03]} Ne5 {[%emt 0:00:01] Time (Lag: Av=0.26s, max=0.5s)} 0-1

[Event "Stay Safe Play From Home 206"]
[Site "T#646635Emanuel Laske"]
[Date "2020.06.07"]
[Round "2"]
[White "Mepe_Nika"]
[Black "Fischer_11"]
[Result "1-0"]
[WhiteElo "2362"]
[BlackElo "2037"]
[Annotator "NA RC"]
[PlyCount "109"]
[EventDate "2020.06.07"]
[EventType "swiss (blitz)"]

1. g3 {[%emt 0:00:01]} Nf6 {[%emt 0:00:01]} 2. Bg2 {[%emt 0:00:00]} g6 {[%emt 0:00:00]} 3. Nf3 {[%emt 0:00:01]} Bg7 {[%emt 0:00:00]} 4. O-O {[%emt 0:00:01]} O-O {[%emt 0:00:01]} 5. b3 {[%emt 0:00:00]} d6 {[%emt 0:00:00]} 6. Bb2 {[%emt 0:00:00]} e5 {[%emt 0:00:00]} 7. c4 {[%emt 0:00:01]} c6 {[%emt 0:00:00]} 8. d3 {[%emt 0:00:01]} Bg4 {[%emt 0:00:00]} 9. Nc3 {[%emt 0:00:01]} Bxf3 {[%emt 0:00:01]} 10. Bxf3 {[%emt 0:00:01]} Nbd7 {[%emt 0:00:01]} 11. b4 {[%emt 0:00:01]} Ne8 {[%emt 0:00:00]} 12. a4 {[%emt 0:00:01]} f5 {[%emt 0:00:00]} 13. b5 {[%emt 0:00:01]} Nef6 {[%emt 0:00:01]} 14. bxc6 {[%emt 0:00:01]} bxc6 {[%emt 0:00:00]} 15. Bxc6 {[%emt 0:00:01]} Rc8 {[%emt 0:00:00]} 16. Bg2 {[%emt 0:00:02]} Nc5 {[%emt 0:00:01]} 17. Nd5 {[%emt 0:00:01]} Nxd5 {[%emt 0:00:01]} 18. Bxd5+ {[%emt 0:00:00]} Kh8 {[%emt 0:00:01]} 19. Rb1 {[%emt 0:00:01]} e4 {[%emt 0:00:01]} 20. Bc3 {[%emt 0:00:01]} Bxc3 {[%emt 0:00:02]} 21. dxe4 {[%emt 0:00:01]} fxe4 {[%emt 0:00:03]} 22. Qc2 {[%emt 0:00:01]} Qf6 {[%emt 0:00:03]} 23. e3 {[%emt 0:00:02]} Nd3 {[%emt 0:00:02]} 24. Bxe4 {[%emt 0:00:02]} Ne5 {[%emt 0:00:04]} 25. Rb7 {[%emt 0:00:03]} Ba5 {[%emt 0:00:06]} 26. Rxa7 {[%emt 0:00:02]} Rc7 {[%emt 0:00:01]} 27. Rxc7 {[%emt 0:00:02]} Bxc7 {[%emt 0:00:00]} 28. h4 {[%emt 0:00:04]} Nf3+ {[%emt 0:00:02]} 29. Bxf3 {[%emt 0:00:01]} Qxf3 {[%emt 0:00:00]} 30. Qd3 {[%emt 0:00:02]} d5 {[%emt 0:00:01]} 31. Qxd5 {[%emt 0:00:02]} Bxg3 {[%emt 0:00:02]} 32. Qxf3 {[%emt 0:00:01]} Rxf3 {[%emt 0:00:02]} 33. fxg3 {[%emt 0:00:01]} Rxg3+ {[%emt 0:00:00]} 34. Kf2 {[%emt 0:00:01]} Rh3 {[%emt 0:00:01]} 35. Rc1 {[%emt 0:00:02]} Rxh4 {[%emt 0:00:01]} 36. a5 {[%emt 0:00:01]} Rh5 {[%emt 0:00:01]} 37. c5 {[%emt 0:00:00]} Rh2+ {[%emt 0:00:02]} 38. Kf3 {[%emt 0:00:01]} Ra2 {[%emt 0:00:00]} 39. c6 {[%emt 0:00:01]} Rxa5 {[%emt 0:00:01]} 40. c7 {[%emt 0:00:01]} Ra8 {[%emt 0:00:01]} 41. c8=Q+ {[%emt 0:00:01]} Rxc8 {[%emt 0:00:00]} 42. Rxc8+ {[%emt 0:00:01]} Kg7 {[%emt 0:00:00]} 43. e4 {[%emt 0:00:01]} h5 {[%emt 0:00:00]} 44. Kf4 {[%emt 0:00:01]} Kf6 {[%emt 0:00:00]} 45. Rc6+ {[%emt 0:00:01]} Kf7 {[%emt 0:00:01]} 46. Kg5 {[%emt 0:00:01]} Ke7 {[%emt 0:00:01]} 47. Rxg6 {[%emt 0:00:01]} h4 {[%emt 0:00:00]} 48. Kxh4 {[%emt 0:00:01]} Kf7 {[%emt 0:00:01]} 49. Kg5 {[%emt 0:00:00]} Ke7 {[%emt 0:00:01]} 50. e5 {[%emt 0:00:00]} Kd7 {[%emt 0:00:01]} 51. Kf5 {[%emt 0:00:01]} Ke7 {[%emt 0:00:00]} 52. Rg7+ {[%emt 0:00:01]} Ke8 {[%emt 0:00:00]} 53. Kf6 {[%emt 0:00:00]} Kf8 {[%emt 0:00:00]} 54. e6 {[%emt 0:00:00]} Ke8 {[%emt 0:00:00]} 55. Rg8# {[%emt 0:00:01] (Lag: Av=0.38s, max=0.9s)} 1-0

[Event "Stay Safe Play From Home 206"]
[Site "T#646635Emanuel Laske"]
[Date "2020.06.07"]
[Round "2"]
[White "Sfantul321"]
[Black "Rogan"]
[Result "0-1"]
[WhiteElo "2012"]
[BlackElo "2148"]
[Annotator "NA RC"]
[PlyCount "66"]
[EventDate "2020.06.07"]
[EventType "swiss (blitz)"]

1. c4 {[%emt 0:00:01]} c6 {[%emt 0:00:06]} 2. Nc3 {[%emt 0:00:00]} d5 {[%emt 0:00:01]} 3. d4 {[%emt 0:00:01]} Nf6 {[%emt 0:00:01]} 4. cxd5 {[%emt 0:00:01]} cxd5 {[%emt 0:00:01]} 5. Nf3 {[%emt 0:00:01]} g6 {[%emt 0:00:00]} 6. Bg5 {[%emt 0:00:01]} Bg7 {[%emt 0:00:00]} 7. Qd2 {[%emt 0:00:01]} O-O {[%emt 0:00:00]} 8. Bh6 {[%emt 0:00:01]} Nc6 {[%emt 0:00:00]} 9. Bxg7 {[%emt 0:00:01]} Kxg7 {[%emt 0:00:00]} 10. e3 {[%emt 0:00:01]} Ne4 {[%emt 0:00:01]} 11. Nxe4 {[%emt 0:00:01]} dxe4 {[%emt 0:00:00]} 12. Ng1 {[%emt 0:00:01]} e5 {[%emt 0:00:00]} 13. d5 {[%emt 0:00:02]} Ne7 {[%emt 0:00:01]} 14. O-O-O {[%emt 0:00:01]} Qd6 {[%emt 0:00:01]} 15. Kb1 {[%emt 0:00:01]} Bd7 {[%emt 0:00:01]} 16. Bc4 {[%emt 0:00:01]} Rac8 {[%emt 0:00:01]} 17. Bb3 {[%emt 0:00:01]} b5 {[%emt 0:00:01]} 18. Ne2 {[%emt 0:00:01]} a5 {[%emt 0:00:01]} 19. Qxa5 {[%emt 0:00:01]} f5 {[%emt 0:00:03]} 20. g3 {[%emt 0:00:01]} b4 {[%emt 0:00:02]} 21. Rc1 {[%emt 0:00:05]} h5 {[%emt 0:00:15]} 22. h4 {[%emt 0:00:01]} Ng8 {[%emt 0:00:02]} 23. Rxc8 {[%emt 0:00:02]} Rxc8 {[%emt 0:00:01]} 24. Rc1 {[%emt 0:00:01]} Rxc1+ {[%emt 0:00:00]} 25. Kxc1 {[%emt 0:00:01]} Nf6 {[%emt 0:00:00]} 26. Qa7 {[%emt 0:00:06]} Kh6 {[%emt 0:00:04]} 27. Kb1 {[%emt 0:00:04]} Bb5 {[%emt 0:00:01]} 28. Nc1 {[%emt 0:00:02]} Bd3+ {[%emt 0:00:01]} 29. Nxd3 {[%emt 0:00:02]} exd3 {[%emt 0:00:00]} 30. Kc1 {[%emt 0:00:05]} Ne4 {[%emt 0:00:02]} 31. Qb7 {[%emt 0:00:04]} Qc5+ {[%emt 0:00:01]} 32. Kb1 {[%emt 0:00:02]} Nd2+ {[%emt 0:00:02]} 33. Ka1 {[%emt 0:00:03]} Qc1# {[%emt 0:00:00] (Lag: Av=0.24s, max=0.7s)} 0-1

[Event "Stay Safe Play From Home 206"]
[Site "T#646635Emanuel Laske"]
[Date "2020.06.07"]
[Round "2"]
[White "Tumnik_ad"]
[Black "Lazieri3"]
[Result "0-1"]
[WhiteElo "1966"]
[BlackElo "1999"]
[Annotator "TA"]
[PlyCount "106"]
[EventDate "2020.06.07"]
[EventType "swiss (blitz)"]

{[%evp 9,106,-33,-22,-40,-42,-62,-56,-92,-93,-93,-121,-103,-58,-102,-60,-118,-79,-97,-97,-92,-73,-279,-287,-291,-270,-366,-359,-363,-368,-366,-360,-382,-374,-370,-329,-423,-395,-403,-409,-395,-380,-465,-460,-471,-471,-480,-485,-487,-460,-542,-530,-763,-749,-948,-766,-943,-930,-2180,-2145,-2045,-1999,-2669,-2550,-6395,-5953,-6323,-5693,-6199,-3231,-6407,-6317,-6262,-6014,-29981,-29982,-29985,-29984,-29987,-29987,-29987,-29984,-29990,-29987,-29984,-29985,-29985,-29986,-29986,-29985,-29989,-29988,-29987,-29988,-29990,-29990,-29991,-29992,-29998,-29999]} 1. c3 c6 2. d3 d5 3. Nd2 Nf6 {[#]} 4. h3 $146 ({Predecessor:} 4. e4 e5 5. Ngf3 Bd6 6. Be2 O-O 7. h3 Re8 8. Qc2 a5 9. Nf1 Nbd7 10. g4 dxe4 11. dxe4 {0-1 (63) Noble,M (2241)-Moskow,E (2127) Auckland 2016}) 4... Bf5 5. g4 Bg6 $1 6. Bg2 {A00: Irregular Openings.} h6 7. Nf1 e6 8. Ng3 {Black is slightly better.} Bd6 9. f4 Qc7 10. e3 Bh7 11. Nf3 g5 {[%cal Rg5f4]} 12. O-O (12. Ne2 $15) 12... gxf4 (12... Nbd7 {seems wilder.} 13. Rf2 gxf4 14. exf4 Bxf4 15. Bxf4 Qxf4 16. Nf1 O-O-O) 13. exf4 Bxf4 14. Bxf4 Qxf4 15. Nh5 $2 {[#] This move loses the game for White.} (15. Qe1 $17 {keeps fighting.} Nbd7 16. Nd4) 15... Nxh5 $19 16. gxh5 Rg8 17. Qc1 Qxc1 18. Raxc1 Bxd3 19. Rf2 Be4 20. Re1 Nd7 21. Kh2 O-O-O 22. Nd4 Rxg2+ 23. Rxg2 Bxg2 24. Kxg2 {[%mdl 4096] Endgame KRN-KRN} Rg8+ 25. Kf2 Nf6 26. Rf1 Nxh5 27. Ke1 Rg7 28. Rf2 Ng3 29. Nf3 Ne4 30. Re2 Rg3 31. Nh2 Rg1+ 32. Nf1 Ng3 33. Rf2 Rxf1+ 34. Rxf1 Nxf1 35. Kxf1 {KP-KP} e5 36. Kg2 f5 37. Kg3 Kd7 38. Kf2 Ke6 39. Ke2 f4 40. Kf2 Kf5 41. Ke2 e4 {Black mates.} 42. Kf2 h5 43. Ke1 Ke5 44. Kf1 d4 45. Kf2 dxc3 46. bxc3 Kd5 47. Ke2 Kc4 48. Kd2 e3+ 49. Kc2 e2 50. Kd2 f3 51. Ke1 Kxc3 52. h4 Kd3 53. a4 Ke3 {Accuracy: White = 45%, Black = 86%.} 0-1